Dictionnaire des Lecutions francaises /

Guardado en:
Detalles Bibliográficos
Autor principal: Rat, Maurice (Autor)
Formato: Libro
Lenguaje:francés
Publicado: Paris : Librairie larousse, 1957
Materias:
Etiquetas: Agregar Etiqueta
Sin Etiquetas, Sea el primero en etiquetar este registro!

MARC

LEADER 00000nam a22000003a 4500
001 stu41278
005 20150617225723.1
008 931118s1957----fr------------------fre-d
040 |a STU  |b slo 
041 0 |a fre 
044 |a fr 
080 |a 801.321.1=40 
100 1 |a Rat, Maurice  |4 aut 
245 1 |a Dictionnaire des Lecutions francaises /  |c [aut.]Maurice Rat 
260 |a Paris :  |b Librairie larousse,  |c 1957 
300 |a 446 s 
650 7 |a Slovníky výkladové francúzske  |2 stusub 
996 |b 284M015085  |c M*2820-1  |l MMKN  |s A  |a 24  |w stu41278_0001